000 00388nam a22001697a 4500
003 OSt
008 240429b |||||||| |||| 00| 0 eng d
020 _a9789353505240
082 _a620.1 GUE
100 _aGUPTA,JK
245 _aEngineering Mechanics Applied Mechanics
250 _a2nd Ed
260 _aNew Delhi
_bCengage
300 _a702
700 _aGUPTA,SK
942 _2ddc
_cBK
999 _c12579
_d12579